Quizzes
Events
Quiz Creation
Community
Videos
Private Events
Remove Ads
Sign In
Join for FREE
Feedback
Dark Mode
Quiz Categories
Sports
Geography
Music
Movies
Television
Just For Fun
Miscellaneous
History
Literature
Language
Science
Gaming
Entertainment
Religion
Holiday
For Kids
Quiz Lab
Recent
Popular Today
Quiz Kudos Today
Editor Picks
Curator Picks
Quizzes by...
Day
Popularity
Type
Ratings
Length
Year
Community
Subscriptions
Recent Discussions
Orange Saloon
Badges
Playlists
Quests
Create
Leaderboards
Showdown
Live 5
Trivia Bingo
Activity
Puzzle Library
Sporcle Events
Private Events
Virtual Trivia
Globe League
Become a Host
Pub Owners
SporcleCon
Opinionation
Our Games
Videos
Blog
Mobile Apps
Partnerships
Remove Ads and Go Orange
Feedback
Sports
Athletes
MLB
NBA
NHL
NFL
Soccer
Sports Teams
WWE
NCAA
Football
Premier League
Basketball
Baseball
Hockey
Golf
Tennis
Cricket
Rugby
Auto Racing
Olympics
World Cup
Sports
Athletes
MLB
NBA
NHL
NFL
Soccer
Sports Teams
WWE
NCAA
Football
Premier League
Basketball
Baseball
Hockey
Golf
Tennis
Cricket
Rugby
Auto Racing
Olympics
World Cup
Random Quiz
Search Sporcle
×
Quiz Lab
Quiz Lab
Sports
Batsman
Type in answers that appear in a list
Type in answers that appear in a list
Classic
Best Score? Go Orange.
2000's Last Wicket Partnerships Stats
Can you name the highest 10th wicket Test Partnerships of the 2000's?
By
mbartlett2
12m
61 Questions
104 Plays
104 Plays
104 Plays
Comments
Comments
Give Quiz Kudos
Give Quiz Kudos
-
- Ratings
hide this ad
Replay
Link that replays current quiz
Next Quiz
Link to next quiz in quiz playlist
You Got
0%
They Got
Avg Score
47%
Avg Friend Score
Upgrade to see
Score Distribution
Jump to the score distribution portion of the page
Score
0/61
Timer
12:00
0
Plays Today
Partnership & Partner
Other Batsman
% Correct
133 with Sachin Tendulkar
Zaheer Khan
88.5%
60 with Steve Harmison
James Anderson
88.5%
52 with Ajit Agarkar
Zaheer Khan
88.5%
51 with Ishant Sharma
Zaheer Khan
88.5%
46 with Andrew Flintoff
James Anderson
88.5%
114 with Glenn McGrath
Jason Gillespie
85.6%
107 with Michael Hussey
Glenn McGrath
84.6%
51 with Matthew Hoggard
Steve Harmison
82.7%
66 with Paul Collingwood
Monty Panesar
80.8%
69* with Anil Kumble
Harbhajan Singh
79.8%
64 with Ruchira Perera
Muttiah Muralitharan
76.9%
62 with Chaminda Vaas
Muttiah Muralitharan
76.9%
46 with Mahela Jayawardene
Muttiah Muralitharan
76.9%
45 with Nuwan Zoysa
Muttiah Muralitharan
76.9%
91 with Graham Thorpe
Matthew Hoggard
76%
84 with Tim Southee
Chris Martin
72.1%
48 with Chris Cairns
Chris Martin
72.1%
55 with James Anderson
Darren Gough
70.2%
52 with Shaun Pollock
Makhaya Ntini
70.2%
47 with Criag White
Darren Gough
70.2%
103 with Alec Stewart
Andy Caddick
68.3%
79 with Muttiah Muralitharan
Chaminda Vaas
66.3%
51 with Andrew Flintoff
Simon Jones
64.4%
73 with Sreesanth
Anil Kumble
63.5%
58 with Makhaya Ntini
Dale Steyn
59.6%
97* with Henry Olonga
Andy Flower
55.8%
49 with Allan Donald
Shaun Pollock
54.8%
59 with Brett Lee
Michael Kasprowicz
53.8%
47 with James Anderson
Graham Onions
52.9%
74 with Ray Price
Heath Streak
48.1%
54 with Stuart Carlisle
Henry Olonga
48.1%
Partnership & Partner
Other Batsman
% Correct
58 with Anil Kumble
Ishant Sharma
45.2%
46 with Sreesanth
Ishant Sharma
45.2%
118 with Nathan Astle
Chris Cairns
44.2%
63 with Glenn McGrath
Adam Gilchrist
40.4%
90 with Arshad Khan
Wasim Akram
38.5%
74 with Inzamam-
ul-
Haq
Mohammad Asif
38.5%
56* with Pragyan Ojha
MS Dhodi
38.5%
69 with Shahadat Hossain
Mohammad Rafique
37.5%
46 with Muttiah Muralitharan
Lasith Malinga
37.5%
63 with Mashrafe Mortaza
Shahadat Hossain
36.5%
63 with Ajit Agarkar
Ashish Nehra
34.6%
47 with Harbhajan Singh
Munaf Patel
34.6%
58 with Shivnarine Chanderpaul
Corey Collymore
30.8%
53 with Anil Kumble
VVS Laxman
26.9%
68 with Brendan Nash
Ravi Rampaul
22.1%
70 with Chris Gayle
Shivnarine Chanderpaul
21.2%
61 with Stuart Broad
Darren Pattinson
21.2%
47 with Steve Harmison
Shaun Udal
19.2%
46 with Khaled Mashud
Manjural Islam
19.2%
56 with Mabubul Alam
Mushfiqur Rahim
13.5%
45 with Enamul Haque Jr.
Tapash Baisya
13.5%
50 with Tinashe Panyangara
Douglas Hondo
10.6%
47 with Andy Flower
Douglas Hondo
10.6%
52 with Ajit Agarkar
Murali Kartik
6.7%
46 with Mohammad Rafique
Tareq Aziz
2.9%
46 with Tapash Baizya
Tareq Aziz
2.9%
64 with Chamila Gamage
Charitha Buddhika
1.9%
55 with Mohammad Asif
Asim Kamal
1.9%
54 with Andrew Hall
Dewald Pretorius
1%
47 with Blessing Mahwire
Gavin Ewing
0%
Quiz Playlist
Details
Report
Send in Message
Add To Playlist
Classic:
Type in answers that appear in a list
Quiz Source
Last Updated: Feb 16, 2017
Quiz Scoreboard
CHALLENGE
Sign Up to Join the Scoreboard
Show All
Scores
Hide
Comments
May contain spoilers
Recently Published
Movies - When Are They Set?
by FPL_Elf
Movies
5m
Popular People in 1961
by mucciniale
History
6m
1-10 Letter E Words III
by El_Dandy
Language
2m
More to Explore
Quiz From the Vault
Featured Blog Post
Where Did the Easter Bunny Come From?
hide this ad
You Might Also Like...
Tags
2000
Batsman
highest
last
Matching
Partner
Partnership
test
Wicket
Today's Top Quizzes in Sports
Browse Sports
hide this ad
Today's Top Quizzes in Batsman
Browse Batsman
Top Contributed Quizzes in Sports
1
Les meilleurs buteurs des matchs entre le PSG et l’OM
2
FIFA Club World Cup Champions
3
Les entraîneurs de l'OM et du PSG au 21e siècle
4
2022 World Cup Stars
5
Name the Premier League winners with different clubs
6
La finale Lions - Afrique du Sud 2021
7
Criteria MLB: Left Handed Sluggers
8
Les joueurs passés par le LOSC et le RC Lens
9
Players with Multiple 50 Home Run Seasons
10
MLB Players with Two .350 Batting Average Seasons
Explore More
Trending Topics
NBA
Crossword
Anime
Harry Potter
Marvel
Disney
Kpop
NFL
Puzzle
The Office
Pokémon
Soccer
Country
WWE
Song
hide this ad
More By:
mbartlett2
Quiz
Plays
Rating
Category
Featured
Created
Formula One's Represented Nations
14,172
3.94
Sports
Dec 16, 2009
Formula 1 3rd placed driver
7,880
4.35
Sports
Dec 9, 2009
2000's Formula 1 Points Scorers
3,913
4.38
Sports
Dec 29, 2009
England Wicketkeepers 1989-2009
1,933
5.00
Sports
Dec 20, 2009
Winners of the Italian Grand Prix
1,830
4.20
Sports
Mar 8, 2010
Go to Creator's Profile
Score Distribution
Quiz Creator Spotlight
mbartlett2
Follow
Send a Message
Quizzes Created
-
Created Quiz Play Count
-
More By This Creator
Popular Quizzes Today
1
Find the Countries of Europe - No Outlines Minefield
2
Find the US States - No Outlines Minefield
3
The Countries of the World
4
Popular People in 1961
5
1-10 Letter E Words III
6
US States
7
Find the US States
8
One Thing in Common: World Cities II
More Sports Quizzes
Barcelona Top Goal Scorers in La Liga Since 2000
Quiz Lab
Trending Quizzes
Risky Map Clicking: Least Populous States A-Z
Humor Books: The Subtitles
1-10 Letter F Words
1-10 Letter G Words
One Thing in Common: United Kingdom
Recently Updated
Leaping Animals
pecheneg
Reality TV Shows (A-Z)
bhenderson79
Rickey Henderson's Hall of Fame Teammates
pecheneg
Champions League XIs: Arsenal
pecheneg
Quick Pick: Celebrities in WWE's Hall of Fame
aduchscher
A-Z Keypad Blitz II
pecheneg
Multiple Oscar Actors
pecheneg
Mystery Phrase Blitz: Oscar 'Best Actors'
pecheneg
F. Scott Fitzgerald Novels
LTH
Pick 3 Villains
ddd62291
Trending Topics
Kpop
Crossword
Anime
Marvel
Disney
Harry Potter
NBA
Puzzle
The Office
Song
Country
Pokémon
WWE
Soccer
NFL
Your Account Isn't Verified!
In order to create a playlist on Sporcle, you need to verify the email address you used during registration. Go to your
Sporcle Settings
to finish the process.
Report this User
Report this user for behavior that violates our
Community Guidelines
.
Details:
Send Report
Go to the Sporcle.com Mobile Site →
Comments